|
|
|
|
| LEADER |
01242ppm a22003018a 4500 |
| 001 |
00031351 |
| 005 |
20171026081023.0 |
| 008 |
131203s2013 ||||||viesd |
| 041 |
0 |
# |
|a vie
|
| 082 |
1 |
4 |
|b PH121T
|a 515
|
| 100 |
1 |
# |
|a Võ, Minh Tâm
|
| 245 |
0 |
0 |
|c Võ Minh Tâm; Nguyễn Bác Văn (hướng dẫn)
|a Phân tích phổ chuỗi thời gian
|b Luận văn Thạc sĩ toán học. Chuyên ngành: Lý thuyết xác suất và thống kê toán học. Mã số: 60.46.15
|
| 260 |
# |
# |
|a TP. Hồ Chí Minh
|b Đại học Khoa học tự nhiên TP. Hồ Chí Minh
|c 2013
|
| 300 |
# |
# |
|a 123 tr.
|c 30cm.
|
| 500 |
# |
# |
|a ĐTTTS ghi: Bộ giáo dục và đào tạo. Đại học Quốc gian TP. Hồ Chí Minh. Trường Đại học Khoa học tự nhiên
|
| 653 |
# |
# |
|a Chuỗi
|
| 653 |
# |
# |
|a Hàm
|
| 653 |
# |
# |
|a Toán học
|
| 653 |
# |
# |
|a Phân tích phổ
|
| 653 |
# |
# |
|a Luận văn
|
| 700 |
1 |
# |
|a Nguyễn, Bác Văn
|e Hướng dẫn
|
| 852 |
# |
# |
|j LV.0000491
|
| 852 |
# |
# |
|b Kho đọc SĐH
|j LV.0000491
|
| 910 |
|
|
|d 03/12/2013
|
| 980 |
# |
# |
|a Trung tâm Học liệu Lê Vũ Hùng, Trường Đại học Đồng Tháp
|